人口が10000人以上の村 - Statistics

General Stats
  • This quiz has been taken 96 times
  • The average score is 8 of 11
Answer Stats
都道府県 人口(人) 村名 % Correct
茨城県 37,891 東海村
93%
沖縄県 41,206 読谷村
92%
福島県 20,808 西郷村
82%
沖縄県 22,157 中城村
80%
千葉県 13,803 長生村
78%
沖縄県 17,969 北中城村
76%
青森県 10,367 六ヶ所村
75%
茨城県 14,602 美浦村
69%
沖縄県 10,869 恩納村
66%
長野県 15,797 南箕輪村
60%
群馬県 14,216 榛東村
58%
No matching quizzes found
Score Distribution
Percent of People with Each Score
Percentile by Number Answered
Your Score History
You have not taken this quiz